M. V. Frunze

Bibliographic Details
Main Author: Archangel'skij, Vladimir Vasilievič (Author)
Format: Book
Language:Slovak
Published: Bratislava Pravda 1987

MARC

LEADER 00000cam a2200000 a 4500
001 vtls001079505
003 SK-MaSNL
005 20260301182306.0
008 240318s1987 xo 00000 slo
035 |a SNK000022342 
040 |a SNK  |b slo  |c SNK  |e AACR2 
041 0 |a slo 
044 |a xo  |c SK 
100 1 |a Archangel'skij, Vladimir Vasilievič  |4 aut  |9 536727 
245 1 0 |a M. V. Frunze  |c Archangeľskij, Vladimir Vasilievič 
260 |a Bratislava  |b Pravda  |c 1987 
500 |a Iné ako SC 72183 
958 |a RK 
958 |a OND 
999 |c 853136  |d 855066 
952 |a SNK  |b SNK  |y NEVYP  |7 7  |p 17A0964610  |o snkSC 74196  |i snkV 950/89  |8 2  |0 0  |1 0  |4 0  |d 1995-11-21  |l 0  |r 2004-12-31 00:00:00  |w 2026-02-24